Arthur's teacher trouble / (Record no. 113124)
[ view plain ]
| 000 -LEADER | |
|---|---|
| fixed length control field | 00490nam a2200181 a 4500 |
| 001 - CONTROL NUMBER | |
| control field | 3114 |
| 005 - DATE AND TIME OF LATEST TRANSACTION | |
| control field | 20140414132004.0 |
| 008 - FIXED-LENGTH DATA ELEMENTS--GENERAL INFORMATION | |
| fixed length control field | 060201s19uu xx 00 eng d |
| 020 ## - INTERNATIONAL STANDARD BOOK NUMBER | |
| International Standard Book Number | 0-590-99639-8 |
| 050 ## - LIBRARY OF CONGRESS CALL NUMBER | |
| Classification number | TR |
| Item number | Ar1 1986 |
| 100 ## - MAIN ENTRY--PERSONAL NAME | |
| Personal name | Brown, Marc |
| 245 ## - TITLE STATEMENT | |
| Title | Arthur's teacher trouble / |
| Statement of responsibility, etc | Marc Brown. |
| 260 ## - PUBLICATION, DISTRIBUTION, ETC. (IMPRINT) | |
| Place of publication, distribution, etc | New York : |
| Name of publisher, distributor, etc | A Trumpet Club Special Edition, |
| Date of publication, distribution, etc | 1986. |
| 300 ## - PHYSICAL DESCRIPTION | |
| Extent | 1 v. p. ; cm. |
| 440 ## - SERIES STATEMENT/ADDED ENTRY--TITLE | |
| Title | An Arthure adventure |
| 650 ## - SUBJECT ADDED ENTRY--TOPICAL TERM | |
| Topical term or geographic name as entry element | Teachers |
| General subdivision | Fiction. |
| Withdrawn status | Lost status | Damaged status | Use restrictions | Home library | Current library | Shelving location | Date acquired | Source of acquisition | Cost, normal purchase price | Total Checkouts | Full call number | Barcode | Date last seen | Price effective from | Koha item type |
|---|---|---|---|---|---|---|---|---|---|---|---|---|---|---|---|
| Munich Library | Munich Library | Teachers Reference Section | 02/01/2006 | 125.00 | TR Ar1 1986 | M4615 | 04/14/2014 | 04/14/2014 | Books |